[Event "1st Goa GM Open 2018"]
[Site "Taleigao"]
[Date "2018.10.14"]
[Round "2"]
[White "Mahindrakar Indrajeet"]
[Black "Neelotpal, Das"]
[Result "1/2-1/2"]
[WhiteElo "2107"]
[BlackElo "2436"]
[Annotator "TA"]
[PlyCount "60"]
[EventDate "2018.10.13"]
[EventType "swiss"]
[EventCountry "IND"]
[SourceTitle "playchess.com"]
[Source "ChessBase"]
[SourceQuality "1"]

{[%evp 18,60,0,2,14,13,25,0,0,-23,-23,-32,91,53,42,58,93,100,83,56,45,9,42,47,35,26,70,41,120,10,18,-9,-9,-9,-9,-9,-9,-9,-16,-16,-17,-22,-15,-13,65]} 1. e4 c5 2. c3 Nf6 3. e5 Nd5 4. d4 cxd4 5. Qxd4 e6 6. Nf3 Nc6 7. Qe4 f5 8. Qe2 Qc7 9. g3 b5 {B22: Sizilianisch (Alapin 2.c3)} (9... Nde7 10. Na3 Ng6 11. Nb5 Qb8 12. Bg2 a6 13. Nbd4 Ncxe5 14. O-O Be7 15. Re1 Nxf3+ 16. Bxf3 O-O 17. h4 Bf6 {½-½ (110) Kamsky,G (2723)-Grischuk,A (2728) Moscow 2008}) 10. Bg2 {LiveBook: 48 Partien} Rb8 11. O-O Be7 12. Rd1 O-O 13. Nbd2 {[%cal Bb1d2,Bd2f1,Bf1e3][%mdl 32]} a5 $146 ({Vorgänger:} 13... a6 14. Nb3 Na5 15. Nxa5 Qxa5 16. Rd4 Qd8 {0-1 (71) Gabrilaviciute,L (1916)-Saulyte,E (1973) Vilnius 2007}) 14. Nf1 a4 {[#]} (14... b4 $15 {bleibt weiter vorne.}) 15. Rxd5 $1 $16 exd5 16. Ne3 Qd8 17. Nxd5 b4 18. Nxe7+ Qxe7 19. Bg5 Qe8 20. Bf4 bxc3 21. bxc3 a3 22. Nd4 Nd8 (22... Nxd4 $14 23. cxd4 Qe6) 23. e6 ({Lieber} 23. Bc1 $16) 23... Rb2 $11 {Die Stellung ist ausgeglichen.} 24. Qc4 {[#] Droht exd7+ und aus.} Nxe6 25. Bd6 $1 $36 {[%csl LRa3,LRf8][%mdl 2048] Weiss steht aktiver.} Rf6 26. Bxa3 Rb6 27. Nxe6 Rfxe6 28. Bd5 Bb7 $1 29. Bxe6+ Rxe6 30. Re1 d5 {Precision: Weiß = 57%, Schwarz = 41%.} (30... h6 $11) 1/2-1/2

[Event "1st Goa GM Open 2018"]
[Site "Taleigao"]
[Date "2018.10.14"]
[Round "2"]
[White "Mohite, Ranveer"]
[Black "Viani Antonio Dcunha"]
[Result "1/2-1/2"]
[WhiteElo "2091"]
[BlackElo "2430"]
[Annotator "TA"]
[PlyCount "39"]
[EventDate "2018.10.13"]
[EventType "swiss"]
[EventCountry "IND"]
[SourceTitle "playchess.com"]
[Source "ChessBase"]
[SourceQuality "1"]

{[%evp 30,39,23,12,15,23,28,28,42,34,39,38]} 1. e4 $146 e5 2. Nf3 Nc6 3. Bb5 a6 4. Ba4 Nf6 5. O-O Nxe4 6. d4 b5 7. Bb3 d5 {[%cal Bd7d5,Bd5d4,Bd4d3][%mdl 32]} 8. dxe5 Be6 9. Nbd2 Nc5 10. c3 Be7 11. Bc2 d4 12. Nb3 {C83: Spanische Partie (Offene Verteidigung/Hauptvariante)} d3 13. Bb1 Nxb3 14. axb3 Bf5 15. Be3 O-O 16. Bd4 {LiveBook: 20 Partien} Qd5 17. Re1 {[#]} d2 $1 {[%mdl 512]} 18. Re2 (18. Qxd2 Bxb1) 18... Bxb1 19. Rxb1 Nxd4 20. Nxd4 1/2-1/2

[Event "1st Goa GM Open 2018"]
[Site "Taleigao"]
[Date "2018.10.14"]
[Round "2"]
[White "Barath Kalyan M"]
[Black "Das, Sayantan"]
[Result "0-1"]
[WhiteElo "2084"]
[BlackElo "2425"]
[Annotator "TA"]
[PlyCount "102"]
[EventDate "2018.10.13"]
[EventType "swiss"]
[EventCountry "IND"]
[SourceTitle "playchess.com"]
[Source "ChessBase"]
[SourceQuality "1"]

{[%evp 10,101,8,2,9,-7,10,10,14,-7,6,6,4,0,16,7,19,-16,0,-10,0,-6,0,0,0,-25,-2,-55,-37,-35,-27,-33,-31,-56,-64,-100,-91,-84,-89,-135,-74,-206,-236,-354,-335,-329,-313,-713,-717,-1006,-988,-1085,-1055,-1562,-1525,-1656,-1603,-29988,-29989,-29989,-5589,-5514,-5521,-5514,-1226,-5514,-5481,-5381,-3118,-2589,-2516,-1783,-1570,-29979,-29982,-29982,-29982,-29984,-29985,-29985,-29986,-29989,-29990,-29990,-29991,-29991,-29992,-29997,-29997,-29997,-29997,-29997,-29998,-29999]} 1. Nf3 d5 2. d4 Nf6 3. g3 Bf5 4. Bg2 c6 5. O-O e6 6. b3 a5 {D02: 1 d4 d5 2 Nf3 sidelines, including 2...Nf6 3 g3 and 2...Nf6 3 Bf4} (6... Bd6 7. c4 O-O 8. Nc3 Nbd7 9. Bb2 h6 10. e3 Qe7 11. Qe2 Rfe8 12. Rfd1 Bg4 13. h3 Bh5 14. e4 dxe4 15. Nxe4 Nxe4 16. Qxe4 Nf6 17. Qe3 Bxf3 18. Bxf3 Ba3 19. Bc3 Bb4 20. Bb2 Ba3 21. Bc3 Bb4 22. Bb2 Ba3 {½-½ (22) Gagunashvili,M (2603)-Inarkiev,E (2679) Konya 2011}) 7. a4 Na6 8. Bb2 h6 {The position is equal.} 9. Nbd2 Be7 10. Ne5 O-O 11. Re1 Bh7 $146 ({Predecessor:} 11... Rc8 12. Rc1 b6 13. c4 Nb4 14. f3 {0-1 (43) Phung,N-Nguyen Huynh Minh,H (2143) Can Tho 2003}) 12. e4 Rc8 13. c4 Bb4 14. exd5 $1 cxd5 15. Re3 Nb8 16. Rc1 Nc6 17. h3 Re8 18. g4 (18. Ndf3 $11) 18... dxc4 19. Nxc6 bxc6 20. bxc4 Bd6 21. Qf3 Qc7 22. c5 Bh2+ 23. Kh1 Bf4 24. Nc4 Nd5 ({Black should play} 24... Bxe3 25. Qxe3 Nd5) 25. Qe2 (25. Nd6 $17) 25... Rb8 $19 ({Worse is} 25... Nxe3 26. fxe3 Bg3 27. Qf3 $15) 26. Ra1 (26. Nd6 $142 Re7 27. Bxd5 Bxe3 28. Qxe3 exd5 29. Qd2) 26... Bxe3 ({Less strong is} 26... Nxe3 27. fxe3 Bg3 28. Bc3 $15) 27. fxe3 Rb3 {Threatens to win with ...Bd3.} 28. Qd2 $2 (28. Nd6 Reb8 29. Bc1) 28... Reb8 29. Re1 R8b4 30. Rc1 {[#]} Nxe3 $1 {[%mdl 512]} 31. Nxe3 Rxb2 32. Qe1 {[#]} Be4 $1 {[%mdl 512]} 33. Rd1 (33. Bxe4 Qh2#) 33... R4b3 34. Rd2 Rxe3 (34... Rb1 $142 35. Nd1 Rxh3+ 36. Kg1 Qh2+ 37. Kf1 Bxg2+ 38. Rxg2 Qf4+ 39. Rf2 Qxg4 40. Rxf7 Rh2 41. Rxg7+ Kxg7 42. Qe5+ Kh7 43. Qc7+ Kg6 44. Qxh2 Qf3+ 45. Qf2 Rxd1#) 35. Qxe3 Rb1+ 36. Qg1 Rxg1+ 37. Kxg1 Qg3 {( -> ...Qe1+)} 38. Re2 Bxg2 39. Rxg2 {[%mdl 4096] Endgame KQ-KR} Qe3+ 40. Kh2 Qxd4 41. h4 Qxa4 {Black mates.} 42. Kh3 Qb3+ 43. Rg3 a4 44. g5 {[#]} hxg5 $1 45. Rxb3 (45. hxg5 Qxg3+) 45... axb3 46. hxg5 {KP-KP} b2 47. Kg4 b1=Q 48. Kh5 Qg1 49. Kh4 f5 {[%cal Rg1h2]} 50. gxf6 gxf6 51. Kh5 Qg5# {Precision: White = 31%, Black = 54%.} 0-1

[Event "1st Goa GM Open 2018"]
[Site "Taleigao"]
[Date "2018.10.14"]
[Round "2"]
[White "Kadam Om Manish"]
[Black "Fominyh, Alexander"]
[Result "0-1"]
[WhiteElo "2082"]
[BlackElo "2405"]
[Annotator "TA"]
[PlyCount "137"]
[EventDate "2018.10.13"]
[EventType "swiss"]
[EventCountry "IND"]
[SourceTitle "playchess.com"]
[Source "ChessBase"]
[SourceQuality "1"]

{[%evp 24,137,-18,-12,-14,-14,-8,-12,0,0,0,0,0,-54,-53,-44,-28,-32,-28,-28,-17,-40,-47,-33,-34,-50,-50,-52,-52,-64,-60,-67,-53,-54,-54,-54,-54,-55,-56,-55,-22,-29,-22,-22,0,-29,-29,-29,-29,-31,0,0,-7,-22,0,0,0,0,0,0,0,0,0,0,0,0,0,0,0,0,0,0,0,-9,-9,-20,-9,-19,0,-8,-8,-5,-8,-8,0,0,0,0,0,0,0,0,0,0,0,0,0,0,0,0,0,0,0,-8,-8,-8,-8,-1158,-1132,-954,-866,-664,-598,-5105,-5097,-29991]} 1. e4 c5 2. Nf3 e6 3. d4 cxd4 4. Nxd4 a6 5. Nc3 b5 6. a3 Bb7 7. Be3 Qc7 8. Bd3 Nf6 9. O-O Nc6 10. Nb3 Ne5 11. f4 {B48: Sicilian: Taimanov: 5 Nc3 Qc7 6 Be3 a6 without Be2} Nc4 12. Bxc4 bxc4 13. Nd2 {LiveBook: 4 Games. The position is equal.} Be7 14. Qe2 Rc8 15. Rad1 d6 16. Bd4 O-O 17. e5 dxe5 $146 ({Predecessor:} 17... Nd5 18. Nxd5 Bxd5 {½-½ (32) Zuttis,S (2210)-Hasangatin,R (2458) Bor 2000}) 18. Bxe5 (18. fxe5 $11 Nd7 19. Qe3) 18... Qc6 $15 19. Nf3 Ne4 20. Kh1 {next Nd4 is good for White.} Nxc3 21. Bxc3 Qe4 22. Qxe4 Bxe4 23. Nd4 Bf6 24. Kg1 Rfd8 25. Rfe1 Bg6 26. Rd2 Rd5 27. Red1 Bh5 (27... Rcd8 {looks sharper.} 28. h3 Bxd4+ 29. Rxd4 Bxc2 30. R1d2 Bd3) 28. Nf3 $1 Bxf3 29. gxf3 Rxd2 30. Rxd2 Bxc3 31. bxc3 {[%mdl 4096] Endgame KR-KR} Kf8 32. Rd6 a5 33. Kf2 Rc5 34. Rd4 Ke7 35. Kg3 Kf6 36. Kf2 h6 37. h4 Ke7 38. Kg3 f6 39. Kf2 g6 40. Kg3 g5 41. fxg5 hxg5 42. hxg5 Rxg5+ 43. Kf2 Rc5 44. f4 Kf7 45. Ke3 Kg6 46. Kf3 Kf5 47. a4 Rc8 48. Rd6 Rh8 {And now ...Rh3+ would win.} 49. Kg3 Rg8+ 50. Kf3 Rh8 {White must now prevent ...Rh3+.} 51. Kg3 Rh1 52. Rd4 Rg1+ 53. Kf2 Rc1 54. Rxc4 Rxc2+ 55. Kf3 e5 56. fxe5 fxe5 57. Rc5 Rh2 58. Rxa5 Rh3+ 59. Ke2 Rxc3 60. Rb5 Ra3 61. a5 Kf4 62. Rb4+ e4 {[%cal Be5e4,Be4e3,Be3e2][%mdl 32]} 63. Rb8 Ra2+ 64. Ke1 Kf3 {[#] Threatens to win with ...Ra1+.} 65. Rb5 $2 {[%mdl 8192]} (65. Ra8 $11) 65... Ra1+ $19 {Black is clearly winning.} 66. Kd2 e3+ 67. Kd3 Ra3+ 68. Kc4 e2 69. Kd4 {Precision: White = 64%, Black = 70%.} 0-1

[Event "1st Goa GM Open 2018"]
[Site "Taleigao"]
[Date "2018.10.14"]
[Round "2"]
[White "Nair, Sanjeev"]
[Black "Rakesh Kumar Jena"]
[Result "0-1"]
[WhiteElo "2081"]
[BlackElo "2388"]
[Annotator "TA"]
[PlyCount "55"]
[EventDate "2018.10.13"]
[EventType "swiss"]
[EventCountry "IND"]
[SourceTitle "playchess.com"]
[Source "ChessBase"]
[SourceQuality "1"]

{[%evp 10,55,57,50,61,56,64,56,61,42,64,62,71,23,26,23,35,22,16,0,28,-38,-37,-91,-6,0,0,0,0,-23,-13,-73,-69,-271,-172,-183,-110,-237,-211,-304,-336,-317,-301,-399,-16,-1205,-1206,-29988]} 1. e4 d6 2. d4 g6 3. Nc3 Bg7 4. Bg5 h6 5. Be3 Nf6 6. f3 a6 {B07: Pirc Defence: Miscellaneous Systems} (6... c6 7. Qd2 b5 8. Bd3 Nbd7 9. Nh3 a6 10. Ne2 e5 11. c3 d5 12. Nf2 h5 13. f4 exd4 14. Nxd4 {½-½ (53) Ponkratov,P (2530)-Dvoirys,S (2553) Satka 2008}) 7. a4 Nbd7 8. Qd2 b6 $146 {White is slightly better.} ({Predecessor:} 8... c6 9. Bd3 Qc7 10. Nce2 b6 11. Nh3 Bb7 12. c3 e5 13. Nf2 d5 14. O-O {½-½ (14) Teichert,F (1973)-Foerster,J (2330) Berlin 2017}) 9. Bc4 Bb7 10. Nge2 c5 11. O-O cxd4 12. Nxd4 Ne5 13. Be2 Rc8 14. b3 O-O {[%cal Be8g8,Bg8g7,Bg7h7][%mdl 32]} 15. Na2 (15. Rad1 $11) 15... d5 $15 16. Bf4 (16. exd5 $1 $15 Nxd5 17. Bf2 (17. Bxh6 Bxh6 18. Qxh6 Nc3 $17)) 16... Nh5 (16... Qd6 $17 17. exd5 Nxd5) 17. Bxh6 $11 {Strongly threatening Rad1.} dxe4 18. Bxg7 Kxg7 19. Rad1 {[#] Threatens to win with Nf5+!} exf3 20. Qg5 (20. Nxf3 $11 {keeps the balance.} Bxf3 21. Bxf3) 20... Qc7 $36 {[%mdl 2048] Black has good play.} 21. Nf5+ $2 (21. gxf3 $15 Rcd8 22. Nb4 (22. f4 Rxd4 23. Rxd4 f6 $15)) 21... Kh7 (21... Kh8 22. gxf3 Rcd8 23. f4 $11) 22. gxf3 {[#]} Rh8 (22... Qc5+ $1 $19 23. Kh1 Rce8) 23. Rd4 (23. Nd4 $17) 23... gxf5 $19 24. Rh4 (24. Qxh5+ $142 Kg7 25. Qxf5 Rxh2 26. Rf2) 24... Ng6 25. Rxh5+ Kg7 26. Rf2 Rh7 $2 (26... Rxh5 $19 27. Qxh5 Qf4) 27. Rh6 $2 {[%mdl 8192]} (27. Rxh7+ $11 Kxh7 28. Qxf5) 27... Rxh6 28. Qh5 {Precision: White = 18%, Black = 41%.} 0-1

[Event "1st Goa GM Open 2018"]
[Site "Taleigao"]
[Date "2018.10.14"]
[Round "2"]
[White "Panda Sambit"]
[Black "Anwesh, Upadhyaya"]
[Result "1/2-1/2"]
[WhiteElo "2074"]
[BlackElo "2381"]
[Annotator "TA"]
[PlyCount "89"]
[EventDate "2018.10.13"]
[EventType "swiss"]
[EventCountry "IND"]
[SourceTitle "playchess.com"]
[Source "ChessBase"]
[SourceQuality "1"]

{[%evp 22,89,-16,-16,-16,-16,-15,-14,-14,-14,-14,-29,-34,-31,-28,-43,-28,-28,-22,-28,-27,-41,-43,-43,-48,-41,-36,-33,-15,-16,-15,-27,-5,-6,-8,-8,-6,-7,0,0,0,0,6,0,8,8,10,10,10,14,13,0,14,2,6,12,31,0,18,0,21,28,91,28,45,0,97,0,35,14]} 1. d4 c5 2. e3 Nf6 3. c4 g6 4. Nc3 Bg7 5. Nf3 O-O 6. Be2 cxd4 7. exd4 d5 8. O-O dxc4 9. Bxc4 Bg4 10. Be3 Nc6 {[%cal Bb8c6,Bc6d4,Bd4c2][%mdl 32]} 11. h3 Bxf3 12. Qxf3 {LiveBook: 4 Partien} Nxd4 {D94: Grünfeldindisch (Geschlossenes System)} 13. Qxb7 {[#] zielt auf Tad1 ab.} Nc2 14. Rad1 Qc8 {Die Stellung ist ausgeglichen.} 15. Qxc8 Raxc8 16. Bb3 Nxe3 17. fxe3 Rc5 (17... Rfd8 18. Kf2 e6 19. Ke2 a5 20. Rxd8+ Rxd8 21. Rd1 Rxd1 22. Nxd1 Nd7 23. Kd3 Nb6 24. Bc4 Kf8 {½-½ (24) El Gindy,E (2501)-Frhat,A (2397) Cairo 2009}) 18. Rd3 h5 $146 ({Vorgänger:} 18... Re5 19. Rfd1 Bh6 20. Kf2 {½-½ (44) Hajek,L (2046)-Blazkova,P (2222) Chrudim 2003}) 19. Rf4 Rb8 20. Rfd4 Bh6 21. Ne4 Rc1+ 22. Kf2 Nxe4+ 23. Rxe4 Rb7 24. Red4 Rcc7 25. Rd2 Bg5 26. Bd5 Rb6 (26... Rb5 {with more complications.} 27. a4 Ra5 28. Bc4 Re5 29. R2d3 e6) 27. Rc4 Rxc4 28. Bxc4 $11 {[%mdl 4096] Endspiel KTL-KTL} Rf6+ 29. Ke2 Bh4 30. b3 {[%cal Bb2b3,Bb3b4,Bb4b5][%mdl 32]} Rf5 31. a4 Kg7 32. b4 Rg5 33. Bd5 Bg3 34. Bc6 Bd6 35. b5 Rc5 36. Kd3 Rc1 37. Ra2 f5 38. a5 e5 39. Kd2 Rc4 40. Kd3 Rc5 41. e4 Rc1 (41... f4 $11) 42. Kd2 (42. Bd5 $16) 42... Rc4 43. Kd3 (43. Ke2 $14) 43... Rc1 $1 $16 {[#]} 44. Kd2 (44. Bd5 $1 $16) 44... Rc4 $14 45. Ke3 {Precision: Weiß = 49%, Schwarz = 53%.} 1/2-1/2

[Event "1st Goa GM Open 2018"]
[Site "Taleigao"]
[Date "2018.10.14"]
[Round "3"]
[White "Kravtsiv, Martyn"]
[Black "Gusain, Himal"]
[Result "1-0"]
[WhiteElo "2654"]
[BlackElo "2384"]
[Annotator "TA"]
[PlyCount "45"]
[EventDate "2018.10.13"]
[EventType "swiss"]
[EventCountry "IND"]
[SourceTitle "playchess.com"]
[Source "ChessBase"]
[SourceQuality "1"]

{[%evp 16,45,56,64,72,52,55,19,27,19,66,69,72,62,69,70,79,14,116,106,124,115,92,63,158,156,216,229,232,244,330,312]} 1. d4 Nf6 2. e4 d6 3. Nc3 g6 4. Bf4 c6 5. Qd2 b5 6. e5 {B07: Pirc Defence: Miscellaneous Systems} (6. f3 Nbd7 7. Nge2 Nb6 8. Ng3 h5 9. Be2 Bg7 10. O-O h4 11. Nh1 h3 12. g4 a5 13. Ng3 Ba6 {1-0 (71) Aronian,L (2805)-Demchenko,A (2660) Riadh 2017}) 6... dxe5 7. dxe5 Qxd2+ 8. Bxd2 Nfd7 $146 ({Predecessor:} 8... Ng4 9. f4 h5 10. Nf3 Bf5 11. Nd4 Nh6 12. Be2 Bg4 13. Bd3 Bf5 {1-0 (35) Haag,E-Kapu,J Budapest 1964}) 9. f4 $1 {LiveBook: 3 Games} f6 10. exf6 exf6 11. a4 b4 12. Ne4 Be7 13. O-O-O Nb6 14. Nf3 a5 15. Be3 Nd5 16. Bc5 ({White should try} 16. Bf2 $16) 16... Bf5 (16... Bxc5 $11 {keeps the balance.} 17. Nxc5 Nd7 18. Nxd7 Kxd7) 17. Re1 $16 {Strongly threatening Nxf6+!} Nd7 {[#]} 18. Bxe7 $1 Kxe7 19. Nd4 $36 {[%mdl 2048] And now Ng3+ would win. White has some pressure.} Bxe4 ({Better is} 19... Rae8 $14) 20. Rxe4+ Kd6 (20... Kf8 $16 {was called for.} 21. Nxc6 Nc5) 21. Re6+ $18 Kc5 {[#]} 22. Bb5 $1 {[%mdl 512]} Rac8 ({Weaker is} 22... cxb5 23. Nb3+ Kc4 24. Re4#) 23. Bxc6 {Precision: White = 58%, Black = 27%.} 1-0

[Event "1st Goa GM Open 2018"]
[Site "Taleigao"]
[Date "2018.10.14"]
[Round "3"]
[White "Predke, Alexandr"]
[Black "Rajdeep Sarkar"]
[Result "1/2-1/2"]
[WhiteElo "2615"]
[BlackElo "2355"]
[Annotator "TA"]
[PlyCount "85"]
[EventDate "2018.10.13"]
[EventType "swiss"]
[EventCountry "IND"]
[SourceTitle "playchess.com"]
[Source "ChessBase"]
[SourceQuality "1"]

{[%evp 22,85,43,33,33,34,37,26,50,37,50,37,58,31,56,55,58,48,58,35,53,18,68,57,95,65,129,120,203,210,199,199,223,156,183,108,136,127,137,132,126,110,146,19,27,18,17,4,58,34,33,8,7,0,14,8,3,0,0,0,0,0,0,0,0,-12]} 1. e4 e5 2. Nf3 Nc6 3. d4 exd4 4. Nxd4 Bb4+ 5. c3 Bc5 6. Be3 Bb6 7. Nf5 Bxe3 {C45: Scotch Game} 8. Nxe3 Nf6 9. f3 O-O 10. c4 d6 11. Nc3 Nd7 12. Be2 {LiveBook: 5 Games} Nc5 13. O-O a5 14. Qd2 {[#]} Ne7 $146 ({Predecessor:} 14... Bd7 15. f4 {1-0 (37) Idani,P (2572)-Gordievsky,D (2653) Qinhuangdao 2018}) 15. f4 Bd7 16. Rae1 Bc6 17. Qc2 Kh8 18. Bf3 Ng8 19. Qd2 Re8 {[%cal Rc5e4]} 20. Nf5 Nf6 {[%cal Rf6e4]} 21. Ng3 Re6 22. Re2 Qb8 23. Kh1 Qa7 (23... Qd8 $14) 24. Nd5 $16 Bxd5 (24... Qb8 $16) 25. cxd5 $18 Ree8 26. e5 $1 {[%cal Re5f6]} Nfd7 {[%cal Rd6e5]} 27. Rfe1 Qb6 28. Nf5 ({White should try} 28. e6 $18 fxe6 29. dxe6) 28... dxe5 29. fxe5 Qg6 30. Qc2 Rad8 31. h3 b6 32. d6 (32. Re3 $16) 32... cxd6 $11 33. exd6 Rxe2 34. Qxe2 {And now Qe8+! would win.} Ne6 ({Avoid the trap} 34... Qxf5 $2 35. Qe8+ $1 {[%mdl 512]} Nf8 36. Qxd8 $18) ({Better is} 34... Qe6 $11) 35. Nd4 Ndf8 $1 ({Don't go for} 35... Nxd4 $2 {[#]} 36. Qe8+ $1 {[%mdl 512]} Nf8 37. Qxd8 $18) 36. Nxe6 (36. Nb5 {looks sharper.} Qf5 37. b3 Kg8 38. a4 Qg5 39. Bg4) 36... Qxe6 {The position is equal.} 37. Qxe6 Nxe6 $14 {[%mdl 4096] Endgame KRB-KRN} 38. Rd1 Kg8 39. a3 Kf8 40. b4 axb4 41. axb4 Ng5 42. Bc6 f6 43. b5 {Precision: White = 47%, Black = 54%.} 1/2-1/2

[Event "1st Goa GM Open 2018"]
[Site "Taleigao"]
[Date "2018.10.14"]
[Round "3"]
[White "Idani, Pouya"]
[Black "Anuj Shrivatri"]
[Result "1-0"]
[WhiteElo "2588"]
[BlackElo "2345"]
[Annotator "ChessBase"]
[PlyCount "157"]
[EventDate "2018.10.13"]
[EventType "swiss"]
[EventCountry "IND"]
[SourceTitle "playchess.com"]
[Source "ChessBase"]
[SourceQuality "1"]
[TimeControl "5400+30"]

1. d4 {[%emt 0:00:00]} Nf6 {[%emt 0:00:00]} 2. c4 {[%emt 0:00:00]} g6 {[%emt 0:00:00]} 3. g3 {[%emt 0:00:00]} Bg7 {[%emt 0:00:01]} 4. Bg2 {[%emt 0:00:00]} O-O {[%emt 0:00:09]} 5. Nf3 {[%emt 0:00:25]} d6 {[%emt 0:00:11]} 6. Nc3 {[%emt 0:00:38]} c6 {[%emt 0:00:24]} 7. O-O {[%emt 0:00:12]} Qa5 {[%emt 0:00:18]} 8. h3 {[%emt 0:04:26]} e5 {[%emt 0:00:29]} 9. e4 {[%emt 0:00:20]} Nbd7 {[%emt 0:00:22]} 10. Be3 {[%emt 0:01:17]} Nb6 {[%emt 0:00:51]} 11. Qd3 {[%emt 0:06:22]} exd4 {[%emt 0:00:39]} 12. Bxd4 {[%emt 0:00:41]} Qa6 {[%emt 0:15:32]} 13. b3 {[%emt 0:05:01]} d5 {[%emt 0:02:23]} 14. exd5 {[%emt 0:02:06]} cxd5 {[%emt 0:01:24]} 15. Nb5 {[%emt 0:00:19]} dxc4 {[%emt 0:12:13]} 16. bxc4 {[%emt 0:00:06]} Qa4 {[%emt 0:16:22]} 17. Qb3 {[%emt 0:08:49]} Bd7 {[%emt 0:05:28]} 18. Qxa4 {[%emt 0:14:56]} Nxa4 {[%emt 0:00:25]} 19. Nxa7 {[%emt 0:02:01]} b6 {[%emt 0:14:00]} 20. Nb5 {[%emt 0:00:12]} Bxb5 {[%emt 0:00:07]} 21. cxb5 {[%emt 0:00:03]} Nd7 {[%emt 0:00:40]} 22. Bxg7 {[%emt 0:01:49]} Kxg7 {[%emt 0:02:42]} 23. Nd4 {[%emt 0:00:01]} Ra5 {[%emt 0:01:54]} 24. Rfc1 {[%emt 0:05:20]} Nac5 {[%emt 0:02:29]} 25. Rc2 {[%emt 0:00:36]} Ra4 {[%emt 0:01:48]} 26. Rd1 {[%emt 0:00:27]} Ne5 {[%emt 0:03:16]} 27. Nc6 {[%emt 0:01:35]} Ned3 {[%emt 0:01:53]} 28. Bf1 {[%emt 0:10:05]} Nb4 {[%emt 0:00:54]} 29. Nxb4 {[%emt 0:00:05]} Rxb4 {[%emt 0:00:13]} 30. Rd6 {[%emt 0:00:08]} Rb8 {[%emt 0:01:43]} 31. Bc4 {[%emt 0:01:14]} Ra4 {[%emt 0:04:35]} 32. Kg2 {[%emt 0:02:33]} Rb4 {[%emt 0:01:44]} 33. Rc6 {[%emt 0:00:34]} h6 {[%emt 0:00:56]} 34. Rc7 {[%emt 0:00:20]} Rb7 {[%emt 0:00:21]} 35. Rc6 {[%emt 0:03:23]} Rb8 {[%emt 0:00:27]} 36. a3 {[%emt 0:02:49]} Ra4 {[%emt 0:02:20]} 37. Rc7 {[%emt 0:03:12]} Rb7 {[%emt 0:02:33]} 38. Rxb7 {[%emt 0:00:04]} Nxb7 {[%emt 0:00:05]} 39. Bxf7 Nc5 {[%emt 0:00:07]} 40. Bd5 {[%emt 0:01:50]} Rxa3 {[%emt 0:01:22]} 41. Re2 {[%emt 0:00:48]} Rd3 {[%emt 0:01:27]} 42. Bc6 {[%emt 0:00:09]} Kf6 {[%emt 0:01:31]} 43. Re8 {[%emt 0:01:29]} Rd4 {[%emt 0:01:20]} 44. Rb8 {[%emt 0:00:25]} Na4 {[%emt 0:00:07]} 45. Kf3 {[%emt 0:00:21]} Rb4 {[%emt 0:01:15]} 46. Ke3 {[%emt 0:01:39]} Rb2 {[%emt 0:00:10]} 47. Kd4 {[%emt 0:02:36]} Rb4+ {[%emt 0:02:15]} 48. Kd3 {[%emt 0:00:12]} Kg7 {[%emt 0:00:20]} 49. Ra8 {[%emt 0:01:59]} Kf6 {[%emt 0:00:49]} 50. Ra7 {[%emt 0:01:34]} h5 {[%emt 0:00:43]} 51. h4 {[%emt 0:01:36]} Ke6 {[%emt 0:00:23]} 52. Be8 {[%emt 0:00:24]} Kf6 {[%emt 0:00:28]} 53. Rf7+ {[%emt 0:00:46]} Ke5 {[%emt 0:00:52]} 54. Rg7 {[%emt 0:01:05]} Nc5+ {[%emt 0:00:17]} 55. Ke2 {[%emt 0:01:24]} Ne4 {[%emt 0:01:12]} 56. Bxg6 {[%emt 0:04:23]} Rb2+ {[%emt 0:00:26]} 57. Kf3 {[%emt 0:00:23]} Nxf2 {[%emt 0:00:44]} 58. Bxh5 {[%emt 0:00:19]} Nh1 {[%emt 0:00:45]} 59. Be8 {[%emt 0:01:39]} Rf2+ {[%emt 0:00:23]} 60. Ke3 {[%emt 0:00:35]} Ra2 {[%emt 0:00:40]} 61. Rg5+ {[%emt 0:00:56]} Kf6 {[%emt 0:00:14]} 62. Bc6 {[%emt 0:01:02]} Ra3+ {[%emt 0:00:23]} 63. Kf4 {[%emt 0:00:05]} Nf2 {[%emt 0:00:50]} 64. Rg8 {[%emt 0:00:47]} Nd3+ {[%emt 0:00:27]} 65. Ke4 {[%emt 0:00:35]} Nc5+ {[%emt 0:00:06]} 66. Kd4 {[%emt 0:00:28]} Ra4+ {[%emt 0:00:10]} 67. Ke3 {[%emt 0:00:16]} Ra3+ {[%emt 0:00:57]} 68. Kf2 {[%emt 0:00:05]} Nd3+ {[%emt 0:00:30]} 69. Kg2 {[%emt 0:00:07]} Ra2+ {[%emt 0:00:16]} 70. Kf1 {[%emt 0:00:50]} Ke5 {[%emt 0:00:56]} 71. Re8+ {[%emt 0:00:15]} Kf6 {[%emt 0:00:15]} 72. Re2 {[%emt 0:00:12]} Ra1+ {[%emt 0:00:08]} 73. Kg2 {[%emt 0:00:05]} Ne1+ {[%emt 0:00:25]} 74. Kh3 {[%emt 0:00:06]} Nd3 {[%emt 0:00:09]} 75. Be4 {[%emt 0:00:47]} Ne5 {[%emt 0:00:08]} 76. Rf2+ {[%emt 0:00:07]} Kg7 {[%emt 0:00:07]} 77. Rf5 {[%emt 0:00:34]} Nd7 {[%emt 0:00:09]} 78. Bc6 {[%emt 0:01:18]} Nf6 {[%emt 0:00:05]} 79. g4 1-0